<?xml version="1.0" encoding="UTF-8"?>
<collection xmlns="http://www.loc.gov/MARC21/slim">
 <record>
  <leader>05259cam a2200961 c 4500</leader>
  <controlfield tag="001">237645335</controlfield>
  <controlfield tag="003">DE-627</controlfield>
  <controlfield tag="005">20250930120615.0</controlfield>
  <controlfield tag="007">tu</controlfield>
  <controlfield tag="008">971206s1997    gw ||||| m    00| ||ger c</controlfield>
  <datafield tag="015" ind1=" " ind2=" ">
   <subfield code="a">97,A51,1369</subfield>
   <subfield code="2">dnb</subfield>
  </datafield>
  <datafield tag="016" ind1="7" ind2=" ">
   <subfield code="a">952158493</subfield>
   <subfield code="2">DE-101</subfield>
  </datafield>
  <datafield tag="020" ind1=" " ind2=" ">
   <subfield code="a">3930698765</subfield>
   <subfield code="q">(Gewebe)</subfield>
  </datafield>
  <datafield tag="035" ind1=" " ind2=" ">
   <subfield code="a">(DE-627)237645335</subfield>
  </datafield>
  <datafield tag="035" ind1=" " ind2=" ">
   <subfield code="a">(DE-576)06042950X</subfield>
  </datafield>
  <datafield tag="035" ind1=" " ind2=" ">
   <subfield code="a">(DE-599)DNB952158493</subfield>
  </datafield>
  <datafield tag="035" ind1=" " ind2=" ">
   <subfield code="a">(OCoLC)845030122</subfield>
  </datafield>
  <datafield tag="035" ind1=" " ind2=" ">
   <subfield code="a">(OCoLC)38197678</subfield>
  </datafield>
  <datafield tag="035" ind1=" " ind2=" ">
   <subfield code="a">(OCoLC)916099052</subfield>
  </datafield>
  <datafield tag="035" ind1=" " ind2=" ">
   <subfield code="a">(DE-604)8116752068</subfield>
  </datafield>
  <datafield tag="040" ind1=" " ind2=" ">
   <subfield code="a">DE-627</subfield>
   <subfield code="b">ger</subfield>
   <subfield code="c">DE-627</subfield>
   <subfield code="e">rakwb</subfield>
  </datafield>
  <datafield tag="041" ind1=" " ind2=" ">
   <subfield code="a">ger</subfield>
  </datafield>
  <datafield tag="044" ind1=" " ind2=" ">
   <subfield code="c">XA-DE</subfield>
   <subfield code="c">XA-GB</subfield>
  </datafield>
  <datafield tag="050" ind1=" " ind2="0">
   <subfield code="a">NA2599.5</subfield>
  </datafield>
  <datafield tag="084" ind1=" " ind2=" ">
   <subfield code="a">45</subfield>
   <subfield code="2">sdnb</subfield>
  </datafield>
  <datafield tag="084" ind1=" " ind2=" ">
   <subfield code="a">9,10</subfield>
   <subfield code="2">ssgn</subfield>
  </datafield>
  <datafield tag="084" ind1=" " ind2=" ">
   <subfield code="a">ZH 4733</subfield>
   <subfield code="2">rvk</subfield>
   <subfield code="0">(DE-625)rvk/156155:</subfield>
  </datafield>
  <datafield tag="084" ind1=" " ind2=" ">
   <subfield code="a">LK 79520</subfield>
   <subfield code="2">rvk</subfield>
   <subfield code="0">(DE-625)rvk/98275:</subfield>
  </datafield>
  <datafield tag="084" ind1=" " ind2=" ">
   <subfield code="a">LK 79100</subfield>
   <subfield code="2">rvk</subfield>
   <subfield code="0">(DE-625)rvk/98233:</subfield>
  </datafield>
  <datafield tag="084" ind1=" " ind2=" ">
   <subfield code="a">56.62</subfield>
   <subfield code="2">bkl</subfield>
  </datafield>
  <datafield tag="100" ind1="1" ind2=" ">
   <subfield code="a">Philipp, Klaus Jan</subfield>
   <subfield code="d">1957-</subfield>
   <subfield code="0">(DE-588)115852018</subfield>
   <subfield code="0">(DE-627)077512537</subfield>
   <subfield code="0">(DE-576)164624767</subfield>
   <subfield code="4">aut</subfield>
  </datafield>
  <datafield tag="245" ind1="1" ind2="0">
   <subfield code="a">Um 1800</subfield>
   <subfield code="b">Architekturtheorie und Architekturkritik in Deutschland zwischen 1790 und 1810</subfield>
   <subfield code="c">Klaus Jan Philipp</subfield>
  </datafield>
  <datafield tag="246" ind1="3" ind2="0">
   <subfield code="a">achtzehnhundert</subfield>
  </datafield>
  <datafield tag="264" ind1=" " ind2="1">
   <subfield code="a">Stuttgart [u.a.]</subfield>
   <subfield code="b">Ed. Axel Menges</subfield>
   <subfield code="c">1997</subfield>
  </datafield>
  <datafield tag="300" ind1=" " ind2=" ">
   <subfield code="a">280 Seiten</subfield>
   <subfield code="b">Illustrationen</subfield>
   <subfield code="c">29 cm</subfield>
  </datafield>
  <datafield tag="336" ind1=" " ind2=" ">
   <subfield code="a">Text</subfield>
   <subfield code="b">txt</subfield>
   <subfield code="2">rdacontent</subfield>
  </datafield>
  <datafield tag="337" ind1=" " ind2=" ">
   <subfield code="a">ohne Hilfsmittel zu benutzen</subfield>
   <subfield code="b">n</subfield>
   <subfield code="2">rdamedia</subfield>
  </datafield>
  <datafield tag="338" ind1=" " ind2=" ">
   <subfield code="a">Band</subfield>
   <subfield code="b">nc</subfield>
   <subfield code="2">rdacarrier</subfield>
  </datafield>
  <datafield tag="361" ind1="1" ind2=" ">
   <subfield code="5">DE-32</subfield>
   <subfield code="y">632627239</subfield>
   <subfield code="s">Ku B 4528</subfield>
   <subfield code="o">Vorbesitz</subfield>
   <subfield code="a">Kunstsammlungen zu Weimar</subfield>
   <subfield code="0">(DE-588)2162571-2</subfield>
   <subfield code="0">(DE-627)225635186</subfield>
   <subfield code="0">(DE-576)196128587</subfield>
   <subfield code="f">Stempel</subfield>
   <subfield code="f">Zugangsnummer K1999.721</subfield>
  </datafield>
  <datafield tag="500" ind1=" " ind2=" ">
   <subfield code="a">Literaturverz. S. 261 - 275</subfield>
  </datafield>
  <datafield tag="502" ind1=" " ind2=" ">
   <subfield code="a">Zugl.: Stuttgart, Univ., Habil.-Schr., 1996 (Nicht für den Austausch)</subfield>
  </datafield>
  <datafield tag="583" ind1="1" ind2=" ">
   <subfield code="a">Archivierung/Langzeitarchivierung gewährleistet</subfield>
   <subfield code="f">DISS</subfield>
   <subfield code="x">XA-DE-BW</subfield>
   <subfield code="2">pdager</subfield>
   <subfield code="5">DE-93</subfield>
  </datafield>
  <datafield tag="583" ind1="1" ind2=" ">
   <subfield code="a">Archivierung/Langzeitarchivierung gewährleistet</subfield>
   <subfield code="f">PEBW</subfield>
   <subfield code="x">XA-DE-BW</subfield>
   <subfield code="2">pdager</subfield>
   <subfield code="5">DE-24</subfield>
  </datafield>
  <datafield tag="583" ind1="1" ind2=" ">
   <subfield code="a">Archivierung/Langzeitarchivierung gewährleistet</subfield>
   <subfield code="f">SSG</subfield>
   <subfield code="x">XA-DE-BW</subfield>
   <subfield code="2">pdager</subfield>
   <subfield code="5">DE-16</subfield>
  </datafield>
  <datafield tag="583" ind1="1" ind2=" ">
   <subfield code="a">Archivierung prüfen</subfield>
   <subfield code="c">20240324</subfield>
   <subfield code="f">DE-4165</subfield>
   <subfield code="z">3</subfield>
   <subfield code="2">pdager</subfield>
  </datafield>
  <datafield tag="650" ind1=" " ind2="4">
   <subfield code="a">Geschichte 1790-1810</subfield>
  </datafield>
  <datafield tag="650" ind1=" " ind2="4">
   <subfield code="a">Geschichte 1789-1815</subfield>
  </datafield>
  <datafield tag="653" ind1=" " ind2="0">
   <subfield code="a">Architectural criticism</subfield>
   <subfield code="a">Germany</subfield>
  </datafield>
  <datafield tag="653" ind1=" " ind2="0">
   <subfield code="a">Architecture</subfield>
   <subfield code="a">Germany</subfield>
   <subfield code="a">18th century</subfield>
  </datafield>
  <datafield tag="653" ind1=" " ind2="0">
   <subfield code="a">Architecture</subfield>
   <subfield code="a">Germany</subfield>
   <subfield code="a">19th century</subfield>
  </datafield>
  <datafield tag="655" ind1=" " ind2="7">
   <subfield code="a">Hochschulschrift</subfield>
   <subfield code="0">(DE-588)4113937-9</subfield>
   <subfield code="0">(DE-627)105825778</subfield>
   <subfield code="0">(DE-576)209480580</subfield>
   <subfield code="2">gnd-content</subfield>
  </datafield>
  <datafield tag="689" ind1="0" ind2="0">
   <subfield code="d">g</subfield>
   <subfield code="0">(DE-588)4011882-4</subfield>
   <subfield code="0">(DE-627)104704861</subfield>
   <subfield code="0">(DE-576)208896155</subfield>
   <subfield code="a">Deutschland</subfield>
   <subfield code="2">gnd</subfield>
  </datafield>
  <datafield tag="689" ind1="0" ind2="1">
   <subfield code="d">s</subfield>
   <subfield code="0">(DE-588)4112587-3</subfield>
   <subfield code="0">(DE-627)105836109</subfield>
   <subfield code="0">(DE-576)20946920X</subfield>
   <subfield code="a">Architekturtheorie</subfield>
   <subfield code="2">gnd</subfield>
  </datafield>
  <datafield tag="689" ind1="0" ind2="2">
   <subfield code="a">z</subfield>
   <subfield code="2">gnd</subfield>
   <subfield code="a">Geschichte 1790-1810</subfield>
  </datafield>
  <datafield tag="689" ind1="0" ind2=" ">
   <subfield code="5">DE-101</subfield>
  </datafield>
  <datafield tag="689" ind1="1" ind2="0">
   <subfield code="d">g</subfield>
   <subfield code="0">(DE-588)4011882-4</subfield>
   <subfield code="0">(DE-627)104704861</subfield>
   <subfield code="0">(DE-576)208896155</subfield>
   <subfield code="a">Deutschland</subfield>
   <subfield code="2">gnd</subfield>
  </datafield>
  <datafield tag="689" ind1="1" ind2="1">
   <subfield code="d">s</subfield>
   <subfield code="0">(DE-588)4308572-6</subfield>
   <subfield code="0">(DE-627)123817501</subfield>
   <subfield code="0">(DE-576)211107565</subfield>
   <subfield code="a">Architekturkritik</subfield>
   <subfield code="2">gnd</subfield>
  </datafield>
  <datafield tag="689" ind1="1" ind2="2">
   <subfield code="a">z</subfield>
   <subfield code="2">gnd</subfield>
   <subfield code="a">Geschichte 1790-1810</subfield>
  </datafield>
  <datafield tag="689" ind1="1" ind2=" ">
   <subfield code="5">DE-101</subfield>
  </datafield>
  <datafield tag="689" ind1="2" ind2="0">
   <subfield code="d">p</subfield>
   <subfield code="0">(DE-588)118760998</subfield>
   <subfield code="0">(DE-627)079540953</subfield>
   <subfield code="0">(DE-576)163352593</subfield>
   <subfield code="a">Trotta, Margarethe von</subfield>
   <subfield code="d">1942-</subfield>
   <subfield code="2">gnd</subfield>
  </datafield>
  <datafield tag="689" ind1="2" ind2="1">
   <subfield code="d">s</subfield>
   <subfield code="0">(DE-588)4017102-4</subfield>
   <subfield code="0">(DE-627)104559683</subfield>
   <subfield code="0">(DE-576)208918531</subfield>
   <subfield code="a">Film</subfield>
   <subfield code="2">gnd</subfield>
  </datafield>
  <datafield tag="689" ind1="2" ind2=" ">
   <subfield code="5">(DE-627)</subfield>
  </datafield>
  <datafield tag="751" ind1=" " ind2=" ">
   <subfield code="a">Stuttgart</subfield>
   <subfield code="0">(DE-588)4058282-6</subfield>
   <subfield code="0">(DE-627)106147811</subfield>
   <subfield code="0">(DE-576)209125608</subfield>
   <subfield code="4">uvp</subfield>
  </datafield>
  <datafield tag="787" ind1="0" ind2="8">
   <subfield code="i">Rezensiert in</subfield>
   <subfield code="a">Forssman, Erik, 1915 - 2011</subfield>
   <subfield code="t">[Rezension von: Klaus Jan Philipp, Um 1800. Architekturtheorie und Architekturkritik in Deutschland zwischen 1790 und 1810]</subfield>
   <subfield code="d">1999</subfield>
   <subfield code="w">(DE-627)1865940178</subfield>
  </datafield>
  <datafield tag="787" ind1="0" ind2="8">
   <subfield code="i">Rezension</subfield>
   <subfield code="a">Forssman, Erik, 1915 - 2011</subfield>
   <subfield code="t">[Rezension von: Philipp, Klaus Jan, Um 1800, Architekturtheorie und Architekturkritik in Deutschland zwischen 1790 und 1810]</subfield>
   <subfield code="d">1999</subfield>
   <subfield code="w">(DE-627)582713633</subfield>
  </datafield>
  <datafield tag="856" ind1="4" ind2="2">
   <subfield code="u">http://www.gbv.de/dms/hbz/toc/ht007813561.pdf</subfield>
   <subfield code="m">V:DE-605</subfield>
   <subfield code="q">pdf/application</subfield>
   <subfield code="v">2008-11-15</subfield>
   <subfield code="x">Verlag</subfield>
   <subfield code="y">Inhaltsverzeichnis</subfield>
   <subfield code="3">Inhaltsverzeichnis</subfield>
   <subfield code="7">1</subfield>
  </datafield>
  <datafield tag="856" ind1="4" ind2="2">
   <subfield code="u">https://m.media-amazon.com/images/I/913lkZfjZQL._UF894,1000_QL80_.jpg</subfield>
   <subfield code="x">Verlag</subfield>
   <subfield code="3">Cover</subfield>
   <subfield code="7">1</subfield>
  </datafield>
  <datafield tag="889" ind1=" " ind2=" ">
   <subfield code="w">(DE-627)751819395</subfield>
  </datafield>
  <datafield tag="936" ind1="r" ind2="v">
   <subfield code="a">ZH 4733</subfield>
   <subfield code="b">Klassizismus (auch 18.+19. Jahrhundert)</subfield>
   <subfield code="k">Technik</subfield>
   <subfield code="k">Architektur</subfield>
   <subfield code="k">Baugeschichte</subfield>
   <subfield code="k">Klassizismus (auch 18.+19. Jahrhundert)</subfield>
   <subfield code="0">(DE-627)127168358X</subfield>
   <subfield code="0">(DE-625)rvk/156155:</subfield>
   <subfield code="0">(DE-576)20168358X</subfield>
  </datafield>
  <datafield tag="936" ind1="r" ind2="v">
   <subfield code="a">LK 79520</subfield>
   <subfield code="b">Klassizismus und Romantik</subfield>
   <subfield code="k">Kunstgeschichte</subfield>
   <subfield code="k">Kunst nach Ländern bzw. Kontinenten</subfield>
   <subfield code="k">Deutschland</subfield>
   <subfield code="k">Deutsche Kunstgeschichte nach Gattungen</subfield>
   <subfield code="k">Architektur</subfield>
   <subfield code="k">Architekturgeschichte einzelner Epochen</subfield>
   <subfield code="k">Neuzeit</subfield>
   <subfield code="k">Klassizismus und Romantik</subfield>
   <subfield code="0">(DE-627)1270880918</subfield>
   <subfield code="0">(DE-625)rvk/98275:</subfield>
   <subfield code="0">(DE-576)200880918</subfield>
  </datafield>
  <datafield tag="936" ind1="r" ind2="v">
   <subfield code="a">LK 79100</subfield>
   <subfield code="b">Theorie, Ästhetik und ihre Geschichte (nur bei eindeutigem Bezug auf die deutsche Architektur; sonst LH)</subfield>
   <subfield code="k">Kunstgeschichte</subfield>
   <subfield code="k">Kunst nach Ländern bzw. Kontinenten</subfield>
   <subfield code="k">Deutschland</subfield>
   <subfield code="k">Deutsche Kunstgeschichte nach Gattungen</subfield>
   <subfield code="k">Architektur</subfield>
   <subfield code="k">Theorie, Ästhetik und ihre Geschichte (nur bei eindeutigem Bezug auf die deutsche Architektur; sonst LH)</subfield>
   <subfield code="0">(DE-627)1271167514</subfield>
   <subfield code="0">(DE-625)rvk/98233:</subfield>
   <subfield code="0">(DE-576)201167514</subfield>
  </datafield>
  <datafield tag="936" ind1="b" ind2="k">
   <subfield code="a">56.62</subfield>
   <subfield code="j">Architekturtheorie</subfield>
   <subfield code="j">Architekturentwicklung</subfield>
   <subfield code="0">(DE-627)181570572</subfield>
  </datafield>
  <datafield tag="951" ind1=" " ind2=" ">
   <subfield code="a">BO</subfield>
  </datafield>
  <datafield tag="990" ind1=" " ind2=" ">
   <subfield code="a">Deutschland</subfield>
  </datafield>
  <datafield tag="990" ind1=" " ind2=" ">
   <subfield code="a">Architekturtheorie</subfield>
  </datafield>
  <datafield tag="990" ind1=" " ind2=" ">
   <subfield code="a">Geschichte 1790-1810</subfield>
  </datafield>
  <datafield tag="990" ind1=" " ind2=" ">
   <subfield code="a">Deutschland</subfield>
  </datafield>
  <datafield tag="990" ind1=" " ind2=" ">
   <subfield code="a">Architekturkritik</subfield>
  </datafield>
  <datafield tag="990" ind1=" " ind2=" ">
   <subfield code="a">Geschichte 1790-1810</subfield>
  </datafield>
  <datafield tag="990" ind1=" " ind2=" ">
   <subfield code="a">Trotta, Margarethe von</subfield>
  </datafield>
  <datafield tag="990" ind1=" " ind2=" ">
   <subfield code="a">Film</subfield>
  </datafield>
  <datafield tag="991" ind1=" " ind2=" ">
   <subfield code="a">Rezensiertes Werk</subfield>
  </datafield>
  <datafield tag="999" ind1=" " ind2=" ">
   <subfield code="a">KXP-PPN237645335</subfield>
   <subfield code="e">4921544514</subfield>
  </datafield>
 </record>
</collection>
